Analysis of U.S. military policy in Central America

Guardat en:
Dades bibliogràfiques
Autor principal: King, Edward L.
Format: Text
Publicat: s.l.: s.e
Etiquetes: Afegir etiqueta
Sense etiquetes, Sigues el primer a etiquetar aquest registre!

MARC

LEADER 00000 a a2200000 04500
001 23700
003
040
090 |a 165900  
100 |a King, Edward L.  
245 |a Analysis of U.S. military policy in Central America  
260 |a s.l.:   |b s.e  
300 |a 7 p.  
999 |c 1635  |d 1635